LEADER 01056nam a2200265 i 4500 001 000000109181 003 CaOOAMICUS 005 20021025000000.0 008 021025s1993 it u000 u ita u 013 $a81861 020 $a88-250-0377-3 040 $aSeMil$bita 100 1 $aBasetti-Sani, Giulio .$0(OLS)http://semarc/name/45846 245 10$a...Essenzialmente amore :$bsaggio di cristologia francescana /$cGiulio Basetti-Sani. 260 $aPadova :$bMessaggero,$c1993. 300 $a253 p. ;$c21 cm. 500 $aFondo Card. C.M. Martini. 650 4$aFrancescani - Cristologia.$0(OLS)http://semarc/subject/19294 850 $aSeMil 852 $aSeMil$W1$xVenegono$y1$m2D III 63$j65193$B65193$CSeMilBibl$Z2$F85879 $81 941 1 $a4 961 $aOmaggio: Martini Card. Carlo Maria 996 $6020$a88-250-0377-3$9(OLS)http://semarc/number/90410 996 $6245$a...Essenzialmente amore :$bsaggio di cristologia francescana$9(OLS)http://semarc/title/158463 996 $6260$aPadova :$bMessaggero$9(OLS)http://semarc/publisher/29786 LEADER 00943nam a2200253 i 4500 001 000000123617 003 CaOOAMICUS 005 20181011161224.0 008 040301s1970 it a u000 u ita u 013 $a96313 040 $aSeMil$bita 245 13$aLa Pinacoteca di Brera. 250 $aEdizione riveduta e aggiornata 260 $aMilano :$bArnoldo Mondadori,$c1983. 300 $a171 p. :$bill. ;$c30 cm. 490 0 $aMusei del mondo 650 4$aMilano - Pinacoteca di Brera.$0(OLS)http://semarc/subject/17584 830 0$aMusei del mondo.$0(OLS)http://semarc/title/14685 850 $aSeMil 852 $aSeMil$W1$xVenegono$y1$m5G XI 21BIS$j219824$B78282$CSeMilBibl$Z2$F80582 $81 961 $aRecupero: Biblioteca Seminario Liceale 996 $6245$aLa Pinacoteca di Brera$9(OLS)http://semarc/title/181768 996 $6260$aMilano :$bArnoldo Mondadori$9(OLS)http://semarc/publisher/46554